कहानी संग्रह और फिर / (Record no. 114884)
[ view plain ]
| 000 -LEADER | |
|---|---|
| fixed length control field | 01019nam a22002537a 4500 |
| 005 - DATE AND TIME OF LATEST TRANSACTION | |
| control field | 20170124103015.0 |
| 010 ## - LIBRARY OF CONGRESS CONTROL NUMBER | |
| LC control number | A-633155 |
| 020 ## - INTERNATIONAL STANDARD BOOK NUMBER | |
| Terms of availability | 100.00 |
| 035 ## - SYSTEM CONTROL NUMBER | |
| System control number | A-633155 |
| 037 ## - SOURCE OF ACQUISITION | |
| Source of stock number/acquisition | Cen Lib/Ret |
| 040 ## - CATALOGING SOURCE | |
| Original cataloging agency | DPL |
| Language of cataloging | HN |
| 082 ## - DEWEY DECIMAL CLASSIFICATION NUMBER | |
| Classification number | क |
| Item number | द्रिवेदी |
| 100 ## - MAIN ENTRY--PERSONAL NAME | |
| Personal name | द्रिवेदी, योगेन्द्र |
| 9 (RLIN) | 43407 |
| 245 ## - TITLE STATEMENT | |
| Title | कहानी संग्रह और फिर / |
| Statement of responsibility, etc | योगेन्द्र द्रिवेदी |
| 246 ## - VARYING FORM OF TITLE | |
| Title proper/short title | Kahani sangrah aur Fir |
| Remainder of title | by Yogendra Drivedi |
| 260 ## - PUBLICATION, DISTRIBUTION, ETC. (IMPRINT) | |
| Place of publication, distribution, etc | लखनऊ |
| Name of publisher, distributor, etc | हिंदी संस्थान प्रकाशन |
| Date of publication, distribution, etc | 1991 |
| 270 ## - ADDRESS | |
| Address | आलम नगर |
| City | लखनऊ |
| 300 ## - PHYSICAL DESCRIPTION | |
| Extent | 100पृष्ठ. |
| Dimensions | 20(सजिल्द) |
| 650 ## - SUBJECT ADDED ENTRY--TOPICAL TERM | |
| Topical term or geographic name as entry element | हिंदी साहित्य |
| 9 (RLIN) | 58815 |
| 650 ## - SUBJECT ADDED ENTRY--TOPICAL TERM | |
| Topical term or geographic name as entry element | आम जिन्दगी की कहानी |
| 9 (RLIN) | 58816 |
| 650 ## - SUBJECT ADDED ENTRY--TOPICAL TERM | |
| Topical term or geographic name as entry element | hindi literature |
| 9 (RLIN) | 58817 |
| 650 ## - SUBJECT ADDED ENTRY--TOPICAL TERM | |
| Topical term or geographic name as entry element | Common life story |
| 9 (RLIN) | 58818 |
| 942 ## - ADDED ENTRY ELEMENTS (KOHA) | |
| Source of classification or shelving scheme | Dewey Decimal Classification |
| Koha item type | Hindi Books |
| Classification part | क |
| Call number suffix | द्रिवेदी |
| Withdrawn status | Lost status | Damaged status | Not for loan | Home library | Current library | Date acquired | Source of acquisition | Cost, normal purchase price | Total Checkouts | Full call number | Barcode | Date last seen | Copy number | Cost, replacement price | Price effective from | Koha item type | Public note |
|---|---|---|---|---|---|---|---|---|---|---|---|---|---|---|---|---|---|
| Written off | Central Library | Central Library | 18/08/2015 | Cen Lib/Ret | 100.00 | क द्रिवेदी | A-633155 | 18/08/2015 | 1 | 100.00 | 18/08/2015 | Hindi Books | Written off on approval by DLB (By Circulation); dtd 20.12.2022 |
